| 000 | 01930nam a22003737a 4500 | ||
|---|---|---|---|
| 003 | CHAP | ||
| 005 | 20240521130437.0 | ||
| 007 | ta | ||
| 008 | 221128s2022 mx adbofs||||a001 0 spa d | ||
| 040 | _amxchpua | ||
| 090 |
_aT.C.883 _bE86 SAI _c2022 |
||
| 245 | 1 | 0 |
_aAnálisis sistémico de la cadena agroindustrial vinos en Baja California / _ccoordinadores Anastacio Espejel García y Evelio Aguilar Gudino ; colaboradores Lucía del Carmen Aguilar López...[y otros] |
| 260 |
_aChapingo, México : _bEl autor, _c2022 |
||
| 300 |
_a1 recurso en línea (137 hojas) : _bilustraciones, mapas, gráficas, diagramas, tablas, fotos |
||
| 336 |
_2rdacontent _atexto _btxt |
||
| 337 |
_2rdamedia _acomputadora _bc |
||
| 338 |
_2rdacarrier _arecurso en línea _bcr |
||
| 500 | _aGrado : 6° Grupo : 4 | ||
| 502 |
_aViaje de Estudios _b(SAI) -- _cUACh. Departamento de Ingeniería Agroindustrial, _d2022 |
||
| 504 | _aBibliografía: 136 páginas | ||
| 505 | 0 |
_aVisitas : -- _t1. COLEF -- 2. VINÍCOLA SOLAR FORTÚN -- 3. VIÑEDOS ALDO CESAR PALAFOX -- 4. HILO NEGRO VIÑEDOS Y BODEGAS -- 5. CONSEJO MEXICANO VITIVINÍCOLA -- 6. HACIENDA GUADALUPE -- 7. EL CIELO WINERY & RESORT -- 8. VINÍCOLA REGIONAL DE ENSENADA (VIRESA) |
|
| 650 | 1 | 3 |
_9119879 _aVinos |
| 650 | 1 | 3 |
_9151244 _aVinificación |
| 650 | 1 | 3 |
_9151418 _aIndustria del vino _zMéxico _zBaja California |
| 650 | 1 | 3 |
_9146806 _aBebidas alcohólicas _zMéxico _zBaja California |
| 650 | 1 | 3 |
_9148017 _aWines |
| 650 | 1 | 3 |
_9151246 _aWinemaking |
| 650 | 1 | 3 |
_9151419 _aWine industry _zMexico _zBaja California |
| 650 | 1 | 3 |
_9160443 _aAlcoholic beverages _zMexico _zBaja California |
| 700 | 1 |
_9147446 _aEspejel García, Anastacio _ecoordinador |
|
| 700 | 1 |
_9149929 _aAguilar Gudino, Evelio _ecoordinador |
|
| 700 | 1 |
_9185597 _aAguilar López, Lucía del Carmen _ecolaboradora |
|
| 856 | 4 | 0 |
_uhttp://10.13.5.2/ve/T_C_883_SAI/T_C_883_SAI_2022-REPORTE_pdf _yDESCARGAR REPORTE |
| 999 |
_c217878 _d217878 |
||